Statistics for The 20 European countries with the highest divorce rate

Click here to take the quiz!

General Stats

  • This quiz has been taken 43 times
    (40 since last reset)
  • The average score is 17 of 20

Answer Stats

Rank% in 2015Countries% Correct
62,878Denmark
97%
122,538Sweden
97%
102,572Estonia
94%
92,604Latvia
94%
33,225Lithuania
94%
14,500Russia
94%
43,025Ukraine
94%
152,163Belgium
92%
112,543Finland
92%
23,475Belarus
89%
132,473Czech republic
89%
142,361Luxembourg
89%
202,041Switzerland
89%
162,153Portugal
86%
192,063Hungary
83%
52,988Moldova
83%
182,079Spain
83%
82,615Liechtenstein
75%
172,133Cyprus
31%
72,659Åland (Finland)
6%

Score Distribution

Percentile by Number Answered

Percent of People with Each Score

Your Score History

You have not taken this quiz since the last reset